| 000 | 00741nam a2200193Ii 4500 | ||
|---|---|---|---|
| 003 | JO-AjNU | ||
| 008 | 230605s9999||||xx |||||||||||||| ||und|| | ||
| 017 | _a2018/9/4761 | ||
| 040 |
_aJO-AjNU _bara _erda _cJO-AjNU |
||
| 041 | _aara | ||
| 050 | 1 | 4 | _aDS85 2018154.55.H |
| 100 | 3 |
_aالملك الحسين بن طلال المعظم 1952-1999, _eauthor _958801 |
|
| 245 | 0 | 0 | _aقصة حياتي لصاحب الجلالة الملك الحسين بن طلال المعظم |
| 300 |
_a88ص _bيحتوي على صور توضيحية |
||
| 336 |
_atext _btxt _2rdacontent |
||
| 337 |
_aunmediated _bn _2rdamedia |
||
| 338 |
_avolume _bnc _2rdacarrier |
||
| 650 | 4 |
_aالملك الحسين بن طلال المعظم 1952-1999 - تراجم _958802 |
|
| 999 |
_aA26426 _c29994 _d29994 |
||